Az intrathecalis agmatin hatása a morfin-analgéziára [absztrakt] /

Elmentve itt :
Bibliográfiai részletek
Szerzők: Kékesi Gabriella
Horváth Hajnalka
Testületi szerző: Szent-Györgyi Albert Orvostudományi Egyetem : Házi Tudományos Diákköri Konferencia
Dokumentumtípus: Könyv része
Megjelent: Szent-Györgyi Albert Orvostudományi Egyetem Szeged 1998
Sorozat:Szent-Györgyi Albert Orvostudományi Egyetem : Házi Tudományos Diákköri Konferencia
Kulcsszavak:Gyógyszertan - előadáskivonat
Tárgyszavak:
Online Access:http://acta.bibl.u-szeged.hu/88428
LEADER 00974naa a2200205 i 4500
001 acta88428
005 20250910085046.0
008 250910s1998 hu o 100 hun d
040 |a SZTE Egyetemi Kiadványok Repozitórium  |b hun 
041 |a hun 
100 1 |a Kékesi Gabriella 
245 1 3 |a Az intrathecalis agmatin hatása a morfin-analgéziára   |h [elektronikus dokumentum] :  |b [absztrakt] /  |c  Kékesi Gabriella 
260 |a Szent-Györgyi Albert Orvostudományi Egyetem  |b Szeged  |c 1998 
490 0 |a Szent-Györgyi Albert Orvostudományi Egyetem : Házi Tudományos Diákköri Konferencia 
650 4 |a Orvos- és egészségtudomány 
650 4 |a Általános orvostudomány 
695 |a Gyógyszertan - előadáskivonat 
700 0 1 |a Horváth Hajnalka  |e aut 
711 |a Szent-Györgyi Albert Orvostudományi Egyetem : Házi Tudományos Diákköri Konferencia  |c Szeged  |d 1998. április 2-4. 
856 4 0 |u http://acta.bibl.u-szeged.hu/88428/1/szote_htdk_1998_036.pdf  |z Dokumentum-elérés